Writing for animation / (Record no. 30553)

MARC details
000 -LEADER
fixed length control field 02604cam a2200349 i 4500
001 - CONTROL NUMBER
control field 21927333
003 - CONTROL NUMBER IDENTIFIER
control field EG-ScBUE
005 - DATE AND TIME OF LATEST TRANSACTION
control field 20230907111807.0
008 - FIXED-LENGTH DATA ELEMENTS--GENERAL INFORMATION
fixed length control field 210305r20222021nyua f b 001 0 eng d
020 ## - INTERNATIONAL STANDARD BOOK NUMBER
International Standard Book Number 9781501358661
040 ## - CATALOGING SOURCE
Original cataloging agency DLC
Language of cataloging eng
Description conventions rda
Transcribing agency DLC
Modifying agency DLC
-- BUEsh
082 04 - DEWEY DECIMAL CLASSIFICATION NUMBER
Classification number 808.23
Edition number 22
Item number BEA
100 1# - MAIN ENTRY--PERSONAL NAME
Personal name Beaumont, Laura,
Dates associated with a name 1956-
Relator term author.
245 10 - TITLE STATEMENT
Title Writing for animation /
Statement of responsibility, etc by Laura Beaumont, Paul Larson.
250 ## - EDITION STATEMENT
Edition statement Reprinted edition.
264 #1 - PUBLICATION, DISTRIBUTION, ETC. (IMPRINT)
Place of publication, distribution, etc New York :
Name of publisher, distributor, etc Bloosmbury Academic,
Date of publication, distribution, etc 2022.
300 ## - PHYSICAL DESCRIPTION
Extent xiii, 229 pages :
Other physical details illustrations ;
Dimensions 23 cm
336 ## - CONTENT TYPE
Content type term text
Content type code txt
Source rdacontent
337 ## - MEDIA TYPE
Media type term unmediated
Media type code n
Source rdamedia
338 ## - CARRIER TYPE
Carrier type term volume
Carrier type code nc
Source rdacarrier
504 ## - BIBLIOGRAPHY, ETC. NOTE
Bibliography, etc Includes bibliographical references and index.
520 ## - SUMMARY, ETC.
Summary, etc "Animation is one of the fastest growing mediums in the film and television world - whether it's Frozen or Paw Patrol, Family Guy or Rick and Morty. This book is the definitive guide to storytelling for writers, directors, storyboard artists and animators. Suitable for both the student and the professional, it provides indispensable knowledge on the entire process of writing for animated movies, TV series and short films. The reader will be provided with all the tools necessary to produce professional quality scripts that will start, or further, their career in animation. Beginning with the fundamentals of 'why animation?' this book will lead the reader through a series of principles that will raise the level of their storytelling. Many people are trying to break into the world of writing for animation and a lot of the people who are 'already in' would like to get more work. The reality is that writing for animation is a very specific craft that can be learnt like any other craft. This book will give the reader both the basic and advanced techniques that will put them ahead of the rest of the field. These principles are tried and tested on a daily basis by the authors, who have over three hundred screen credits to their name, including six animated features"--
Assigning source Provided by publisher.
650 #7 - SUBJECT ADDED ENTRY--TOPICAL TERM
Topical term or geographic name as entry element Animated films
General subdivision Authorship.
Source of heading or term BUEsh
650 #7 - SUBJECT ADDED ENTRY--TOPICAL TERM
Topical term or geographic name as entry element Animated television programs
General subdivision Authorship.
Source of heading or term BUEsh
653 ## - INDEX TERM--UNCONTROLLED
Resource For college Arts and Design
Specialization Illustration Animation
655 ## - INDEX TERM--GENRE/FORM
Form subdivision Reading book
700 1# - ADDED ENTRY--PERSONAL NAME
Personal name Larson, Paul,
Titles and other words associated with a name (Screenwriter),
Relator term author.
776 08 - ADDITIONAL PHYSICAL FORM ENTRY
Display text Online version:
Main entry heading Beaumont, Laura,
Title Writing for animation
Place, publisher, and date of publication New York : Bloosmbury Academic, 2021.
International Standard Book Number 9781501358654
Record control number (DLC) 2021006786
906 ## - LOCAL DATA ELEMENT F, LDF (RLIN)
a 7
b cbc
c orignew
d 1
e ecip
f 20
g y-gencatlg
942 ## - ADDED ENTRY ELEMENTS (KOHA)
Source of classification or shelving scheme Dewey Decimal Classification
Koha item type Book - Borrowing
Holdings
Withdrawn status Lost status Source of classification or shelving scheme Damaged status Not for loan Collection code Home library Current library Shelving location Date acquired Source of acquisition Cost, normal purchase price Serial Enumeration / chronology Total Checkouts Full call number Barcode Date last seen Cost, replacement price Price effective from Koha item type
    Dewey Decimal Classification     Baccah Central Library Central Library Second Floor 07/09/2023 Purchase 798.00 37586   808.23 BEA 000056882 15/07/2025 998.00 07/09/2023 Book - Borrowing
    Dewey Decimal Classification     Baccah Central Library Central Library Second Floor 05/04/2026 Purchase 1803.00 40179   808.23 BEA 000057569 05/04/2026 2254.00 05/04/2026 Book - Borrowing